000 01023nam a2200253Ia 4500
003 OSt
005 20220923220012.0
006 a|||||r|||| 00| 0
007 ta
008 220922b |||||||| |||| 00| 0 hin d
024 _a183,468
037 _cTextual
040 _aARTS
_cARTS
_bhin
041 _2hin
_ahin
082 _aO152,1N5:g, N0
100 _aउपाध्याय, कैलाशनाथ
245 0 _aछायावादोतर हिन्दी काव्य बदलते मानदण्ड एवम् स्वरूप
_b सन् 1936 से 196 तक
246 _aChhāyāvādotar hindī kāvya badalate mānadaṇḍa evam svarūpa: san 1936 se 1960 taka
260 _aजोधपुर
_b राज0 ग्रंथागार
_c1990
300 _a267 पृ.
_ccm.
650 _aहिन्दी साहित्य
_9156264
942 _hO152,1N5:g, N0
_cTEXL
_2CC
999 _c336804
_d336804